000
00313 a2200157 4500
001
163073
020
_a
040
_c
Magnum
100
_a
-
240
1
0
_a
Boas maneiras
_l
por
245
1
0
_a
Boas maneiras
362
0
_a
1899
440
1
_a
Ao Livro Técnico
697
_a
I/SOCIEDADE, COTIDIANO
942
_c
BK
999
_c
163073
_d
163073